000 01095 a2200217 4500
001 23735
005 20260407155523.0
008 260407a1987 arg spa d
003 AR-UNSa-BCEJYS
040 _aAR-UNSa-BCEJYS
_bspa
_cAR-UNSa-BCEJYS
080 _a336.1
_xFinanzas Públicas. Finanzas del gobierno en general
245 1 0 _aIntoducción a la finanzas públicas
020 _a950-14-0425-0
250 _a2a. ed
264 1 _aBuenos Aires :
_bDepalma
_c1987
300 _a431 p.
_c22 cm.
505 _aTitulo I : De la actividad financiera del estado : 1. De los principios generales sobre la actividad financiera estatal - 2. De los gastos públicos - 3. De los recursos públicos - 4. De los recursos tributarios - 5. De los impuestos - 6. De las tasas y las contribuciones especiales - 7. Del crédito público - Titulo II : 8. De los principios generales del presupuesto - 9. De la aprobación y contenido del presupuesto - 10. De la ejecución y el control del presupuesto.
942 _cBK
590 _aniveau_biblio:m niveau_hierar:0
100 1 _aMartín, José María
999 _c1124
_d1124